| 000 | 00458nam a2200157 i 4500 | ||
|---|---|---|---|
| 001 | 61884 | ||
| 003 | ES-MaACL | ||
| 005 | 20230906164549.0 | ||
| 007 | t| | ||
| 008 | 031114s1973 sp ||||1| spa d | ||
| 100 | 1 |
_aFal Conde, Domingo. _948680 |
|
| 245 | 1 | 0 |
_aPara la historia de Higuera de la Sierra / _cDomingo Fal Conde. |
| 260 |
_aSevilla : _bEditorial Católica Española, _c1973. |
||
| 300 |
_a98 p. ; _c20 cm. |
||
| 852 |
_aES-MaACL _jC-55668 _bR.88378 |
||
| 999 |
_c61884 _d61884 |
||